<?xml version="1.0" encoding="UTF-8"?>
<collection xmlns="http://www.loc.gov/MARC21/slim">
 <record>
  <leader>04895nam a22005295i 4500</leader>
  <controlfield tag="001">978-3-540-73595-3</controlfield>
  <controlfield tag="003">DE-He213</controlfield>
  <controlfield tag="005">20200704002656.0</controlfield>
  <controlfield tag="007">cr nn 008mamaa</controlfield>
  <controlfield tag="008">100301s2007    gw |    s    |||| 0|eng d</controlfield>
  <datafield tag="020" ind1=" " ind2=" ">
   <subfield code="a">9783540735953</subfield>
   <subfield code="9">978-3-540-73595-3</subfield>
  </datafield>
  <datafield tag="024" ind1="7" ind2=" ">
   <subfield code="a">10.1007/978-3-540-73595-3</subfield>
   <subfield code="2">doi</subfield>
  </datafield>
  <datafield tag="050" ind1=" " ind2="4">
   <subfield code="a">Q334-342</subfield>
  </datafield>
  <datafield tag="072" ind1=" " ind2="7">
   <subfield code="a">UYQ</subfield>
   <subfield code="2">bicssc</subfield>
  </datafield>
  <datafield tag="072" ind1=" " ind2="7">
   <subfield code="a">COM004000</subfield>
   <subfield code="2">bisacsh</subfield>
  </datafield>
  <datafield tag="072" ind1=" " ind2="7">
   <subfield code="a">UYQ</subfield>
   <subfield code="2">thema</subfield>
  </datafield>
  <datafield tag="082" ind1="0" ind2="4">
   <subfield code="a">006.3</subfield>
   <subfield code="2">23</subfield>
  </datafield>
  <datafield tag="245" ind1="1" ind2="0">
   <subfield code="a">Automated Deduction - CADE-21</subfield>
   <subfield code="h">[electronic resource] :</subfield>
   <subfield code="b">21st International Conference on Automated Deduction, Bremen, Germany, July 17-20, 2007, Proceedings /</subfield>
   <subfield code="c">edited by Frank Pfenning.</subfield>
  </datafield>
  <datafield tag="250" ind1=" " ind2=" ">
   <subfield code="a">1st ed. 2007.</subfield>
  </datafield>
  <datafield tag="264" ind1=" " ind2="1">
   <subfield code="a">Berlin, Heidelberg :</subfield>
   <subfield code="b">Springer Berlin Heidelberg :</subfield>
   <subfield code="b">Imprint: Springer,</subfield>
   <subfield code="c">2007.</subfield>
  </datafield>
  <datafield tag="300" ind1=" " ind2=" ">
   <subfield code="a">XII, 524 p.</subfield>
   <subfield code="b">online resource.</subfield>
  </datafield>
  <datafield tag="336" ind1=" " ind2=" ">
   <subfield code="a">text</subfield>
   <subfield code="b">txt</subfield>
   <subfield code="2">rdacontent</subfield>
  </datafield>
  <datafield tag="337" ind1=" " ind2=" ">
   <subfield code="a">computer</subfield>
   <subfield code="b">c</subfield>
   <subfield code="2">rdamedia</subfield>
  </datafield>
  <datafield tag="338" ind1=" " ind2=" ">
   <subfield code="a">online resource</subfield>
   <subfield code="b">cr</subfield>
   <subfield code="2">rdacarrier</subfield>
  </datafield>
  <datafield tag="347" ind1=" " ind2=" ">
   <subfield code="a">text file</subfield>
   <subfield code="b">PDF</subfield>
   <subfield code="2">rda</subfield>
  </datafield>
  <datafield tag="490" ind1="1" ind2=" ">
   <subfield code="a">Lecture Notes in Artificial Intelligence ;</subfield>
   <subfield code="v">4603</subfield>
  </datafield>
  <datafield tag="505" ind1="0" ind2=" ">
   <subfield code="a">Session 1. Invited Talk: Colin Stirling -- Games, Automata and Matching -- Session 2. Higher-Order Logic -- Formalization of Continuous Probability Distributions -- Compilation as Rewriting in Higher Order Logic -- Barendregt’s Variable Convention in Rule Inductions -- Automating Elementary Number-Theoretic Proofs Using Gröbner Bases -- Session 3. Description Logic -- Optimized Reasoning in Description Logics Using Hypertableaux -- Conservative Extensions in the Lightweight Description Logic  -- An Incremental Technique for Automata-Based Decision Procedures -- Session 4. Intuitionistic Logic -- Bidirectional Decision Procedures for the Intuitionistic Propositional Modal Logic IS4 -- A Labelled System for IPL with Variable Splitting -- Session 5. Invited Talk: Ashish Tiwari -- Logical Interpretation: Static Program Analysis Using Theorem Proving -- Session 6. Satisfiability Modulo Theories -- Solving Quantified Verification Conditions Using Satisfiability Modulo Theories -- Efficient E-Matching for SMT Solvers -- -Decision by Decomposition -- Towards Efficient Satisfiability Checking for Boolean Algebra with Presburger Arithmetic -- Session 7. Induction, Rewriting, and Polymorphism -- Improvements in Formula Generalization -- On the Normalization and Unique Normalization Properties of Term Rewrite Systems -- Handling Polymorphism in Automated Deduction -- Session 8. First-Order Logic -- Automated Reasoning in Kleene Algebra -- SRASS - A Semantic Relevance Axiom Selection System -- Labelled Clauses -- Automatic Decidability and Combinability Revisited -- Session 9. Invited Talk: K. Rustan M. Leino -- Designing Verification Conditions for Software -- Session 10. Model Checking and Verification -- Encodings of Bounded LTL Model Checking in Effectively Propositional Logic -- Combination Methods for Satisfiability and Model-Checking of Infinite-State Systems -- The KeY system 1.0 (Deduction Component) -- KeY-C: A Tool for Verification of C Programs -- The Bedwyr System for Model Checking over Syntactic Expressions -- System for Automated Deduction (SAD): A Tool for Proof Verification -- Session 11. Invited Talk: Peter Baumgartner -- Logical Engineering with Instance-Based Methods -- Session 12. Termination -- Predictive Labeling with Dependency Pairs Using SAT -- Dependency Pairs for Rewriting with Non-free Constructors -- Proving Termination by Bounded Increase -- Certified Size-Change Termination -- Session 13. Tableaux and First-Order Systems -- Encoding First Order Proofs in SAT -- Hyper Tableaux with Equality -- System Description: E- KRHyper -- System Description: Spass Version 3.0.</subfield>
  </datafield>
  <datafield tag="650" ind1=" " ind2="0">
   <subfield code="a">Artificial intelligence.</subfield>
  </datafield>
  <datafield tag="650" ind1=" " ind2="0">
   <subfield code="a">Mathematical logic.</subfield>
  </datafield>
  <datafield tag="650" ind1=" " ind2="0">
   <subfield code="a">Computer logic.</subfield>
  </datafield>
  <datafield tag="650" ind1=" " ind2="0">
   <subfield code="a">Software engineering.</subfield>
  </datafield>
  <datafield tag="650" ind1="1" ind2="4">
   <subfield code="a">Artificial Intelligence.</subfield>
   <subfield code="0">https://scigraph.springernature.com/ontologies/product-market-codes/I21000</subfield>
  </datafield>
  <datafield tag="650" ind1="2" ind2="4">
   <subfield code="a">Mathematical Logic and Formal Languages.</subfield>
   <subfield code="0">https://scigraph.springernature.com/ontologies/product-market-codes/I16048</subfield>
  </datafield>
  <datafield tag="650" ind1="2" ind2="4">
   <subfield code="a">Logics and Meanings of Programs.</subfield>
   <subfield code="0">https://scigraph.springernature.com/ontologies/product-market-codes/I1603X</subfield>
  </datafield>
  <datafield tag="650" ind1="2" ind2="4">
   <subfield code="a">Software Engineering.</subfield>
   <subfield code="0">https://scigraph.springernature.com/ontologies/product-market-codes/I14029</subfield>
  </datafield>
  <datafield tag="700" ind1="1" ind2=" ">
   <subfield code="a">Pfenning, Frank.</subfield>
   <subfield code="e">editor.</subfield>
   <subfield code="4">edt</subfield>
   <subfield code="4">http://id.loc.gov/vocabulary/relators/edt</subfield>
  </datafield>
  <datafield tag="710" ind1="2" ind2=" ">
   <subfield code="a">SpringerLink (Online service)</subfield>
  </datafield>
  <datafield tag="773" ind1="0" ind2=" ">
   <subfield code="t">Springer Nature eBook</subfield>
  </datafield>
  <datafield tag="776" ind1="0" ind2="8">
   <subfield code="i">Printed edition:</subfield>
   <subfield code="z">9783540840930</subfield>
  </datafield>
  <datafield tag="776" ind1="0" ind2="8">
   <subfield code="i">Printed edition:</subfield>
   <subfield code="z">9783540735946</subfield>
  </datafield>
  <datafield tag="830" ind1=" " ind2="0">
   <subfield code="a">Lecture Notes in Artificial Intelligence ;</subfield>
   <subfield code="v">4603</subfield>
  </datafield>
  <datafield tag="856" ind1="4" ind2="0">
   <subfield code="u">https://doi.org/10.1007/978-3-540-73595-3</subfield>
  </datafield>
  <datafield tag="912" ind1=" " ind2=" ">
   <subfield code="a">ZDB-2-SCS</subfield>
  </datafield>
  <datafield tag="912" ind1=" " ind2=" ">
   <subfield code="a">ZDB-2-SXCS</subfield>
  </datafield>
  <datafield tag="912" ind1=" " ind2=" ">
   <subfield code="a">ZDB-2-LNC</subfield>
  </datafield>
  <datafield tag="950" ind1=" " ind2=" ">
   <subfield code="a">Computer Science (SpringerNature-11645)</subfield>
  </datafield>
  <datafield tag="950" ind1=" " ind2=" ">
   <subfield code="a">Computer Science (R0) (SpringerNature-43710)</subfield>
  </datafield>
 </record>
</collection>
